000 00460nam a2200169Ia 4500
008 230711s9999||||xx |||||||||||||| ||und||
041 _aENG
082 _a621.3
_bDH-E
100 _aDhillon,Jaspreet Singh
245 0 _aPrinciples of electrical and Electronics Engineering
250 _a2nd Ed.
260 _c2006
_aNew Delhi
_bKalyani Publishers House
300 _a616
650 _aElectrical Engineering
700 _aDhillon,Jarnail SIngh
942 _cBK
999 _c4496
_d4496